[Event "SVK-chT4 A22 1819"]
[Site "Slovakia"]
[Date "2019.03.03"]
[Round "10.4"]
[White "Lackovic, Marek"]
[Black "Jablonicky, Frantisek"]
[Result "0-1"]
[WhiteElo "1609"]
[BlackElo "2053"]
[PlyCount "98"]
[EventDate "2018.10.14"]
[EventType "team-tourn"]
[EventRounds "11"]
[EventCountry "SVK"]
[SourceTitle "EXT 2020"]
[Source "ChessBase"]
[SourceDate "2019.10.17"]
[SourceVersion "1"]
[SourceVersionDate "2019.10.17"]
[SourceQuality "1"]

1. e4 c5 2. Nf3 d6 3. d4 cxd4 4. Nxd4 Nf6 5. Nc3 a6 6. g3 e5 7. Nde2 Be6 8. Bg2 Qd7 9. 0-0 Bh3 10. Be3 Be7 11. Qd2 Bxg2 12. Kxg2 Qc6 13. f3 0-0 14. g4 Rc8 15. g5 Ne8 16. Nd5 Bd8 17. c3 Nd7 18. Rad1 b5 19. Ng3 g6 20. h4 a5 21. h5 Nc7 22. hxg6 fxg6 23. Nxc7 Bxc7 24. Qd5+ Qxd5 25. Rxd5 Rab8 26. Ne2 Nb6 27. Bxb6 Rxb6 28. Rfd1 a4 29. a3 Re8 30. Kg3 Kf7 31. Kg4 Ke6 32. Rh1 Re7 33. Rf1 Rf7 34. f4 Rb8 35. Rf3 Rb7 36. fxe5 dxe5 37. Rxf7 Kxf7 38. Rd7+ Kg8 39. Nc1 Ra7 40. Nd3 Bb6 41. Rxa7 Bxa7 42. Nxe5 Be3 43. Nd3 Kf8 44. Nf4 Bc1 45. Nd3 Bd2 46. Nc5 Ke7 47. b3 Be3 48. b4 Bd2 49. Nxa4 bxa4 0-1

[Event "SVK-chT3A2 1819"]
[Site "Slovakia"]
[Date "2018.11.25"]
[Round "4.5"]
[White "Kastler, Peter"]
[Black "Lackovic, Marek"]
[Result "1/2-1/2"]
[WhiteElo "1758"]
[BlackElo "1625"]
[PlyCount "82"]
[EventDate "2018.10.07"]
[EventType "team-tourn"]
[EventRounds "11"]
[EventCountry "SVK"]
[SourceTitle "EXT 2020"]
[Source "ChessBase"]
[SourceDate "2019.10.17"]
[SourceVersion "1"]
[SourceVersionDate "2019.10.17"]
[SourceQuality "1"]
[WhiteTeam "Gbely Nafta II"]
[BlackTeam "Trnava Lokomotiva III"]
[WhiteTeamCountry "SVK"]
[BlackTeamCountry "SVK"]

1. d4 d5 2. c4 c6 3. e3 Nf6 4. Nf3 e6 5. Be2 Nbd7 6. 0-0 dxc4 7. Bxc4 b5 8. Be2 Bb7 9. a3 a6 10. Nbd2 c5 11. b3 Be7 12. Bb2 0-0 13. Rc1 Rc8 14. dxc5 Rxc5 15. b4 Rxc1 16. Qxc1 Qc8 17. Qb1 Qb8 18. Rc1 Rc8 19. Nd4 Rxc1+ 20. Qxc1 Bd6 21. h3 Qc7 22. Qxc7 Bxc7 23. Bf3 Bxf3 24. N2xf3 Ne4 25. Nb3 f6 26. Kf1 Kf7 27. Ke2 e5 28. Nfd2 Nxd2 29. Kxd2 Ke6 30. e4 Bd6 31. Kd3 Be7 32. Bc1 Kd6 33. Be3 Kc6 34. Na5+ Kc7 35. Nb3 Kc6 36. Nc1 Nb6 37. Bxb6 Kxb6 38. Na2 Kc6 39. Nc3 a5 40. Nd5 Bd6 41. Kc3 axb4+ 1/2-1/2

[Event "SVK-chT4 A22 1718"]
[Site "Slovakia"]
[Date "2018.01.28"]
[Round "8.1"]
[White "Lackovic, Marek"]
[Black "Szabo, Viktor"]
[Result "1/2-1/2"]
[WhiteElo "1629"]
[BlackElo "1512"]
[PlyCount "81"]
[EventDate "2017.10.01"]
[EventType "team-tourn"]
[EventRounds "11"]
[EventCountry "SVK"]
[SourceTitle "EXT 2020"]
[Source "ChessBase"]
[SourceDate "2019.10.17"]
[SourceVersion "1"]
[SourceVersionDate "2019.10.17"]
[SourceQuality "1"]

1. e4 c5 2. Nf3 Nc6 3. d4 cxd4 4. Nxd4 e5 5. Nb3 Nf6 6. Nc3 Bb4 7. f3 Bxc3+ 8. bxc3 0-0 9. Be3 b6 10. Bc4 Bb7 11. Qd2 Qc7 12. Rd1 Rad8 13. Nc1 Na5 14. Bb3 b5 15. Bg5 Nc4 16. Bxc4 Qxc4 17. Qd3 d5 18. Qxc4 bxc4 19. exd5 Rxd5 20. 0-0 Rfd8 21. Rxd5 Rxd5 22. Ne2 Nd7 23. Ng3 h6 24. Be3 a6 25. Kf2 Kh7 26. Ke2 g6 27. Rd1 f5 28. Bf2 Nf6 29. Rxd5 Bxd5 30. Bc5 e4 31. Bd4 exf3+ 32. gxf3 Nd7 33. Kf2 Nf8 34. Ne2 Ne6 35. Be5 Ng5 36. Nd4 Nf7 37. Bf6 g5 38. Nxf5 Bxf3 39. Kxf3 Kg6 40. Ne3 Kxf6 41. Nxc4 1/2-1/2

[Event "SVK-chT4 A22 1718"]
[Site "Slovakia"]
[Date "2018.01.14"]
[Round "7.6"]
[White "Kovarikova, Maria"]
[Black "Lackovic, Marek"]
[Result "0-1"]
[WhiteElo "1654"]
[BlackElo "1629"]
[PlyCount "104"]
[EventDate "2017.10.01"]
[EventType "team-tourn"]
[EventRounds "11"]
[EventCountry "SVK"]
[SourceTitle "EXT 2020"]
[Source "ChessBase"]
[SourceDate "2019.10.17"]
[SourceVersion "1"]
[SourceVersionDate "2019.10.17"]
[SourceQuality "1"]

1. e4 c5 2. Nc3 e6 3. g3 d6 4. Bg2 Nc6 5. d3 Nf6 6. f4 Be7 7. Nf3 0-0 8. 0-0 Rb8 9. d4 cxd4 10. Nxd4 Bd7 11. Be3 a6 12. Re1 Nxd4 13. Qxd4 Bc6 14. Rad1 Qc7 15. Qd2 b5 16. e5 dxe5 17. fxe5 Rfd8 18. Qf2 Ng4 19. Rxd8+ Bxd8 20. Qd2 Bxg2 21. Qxg2 Nxe3 22. Rxe3 Qc5 23. Qf2 Bb6 24. Nd1 Qc6 25. c3 Rd8 26. Qe1 Rxd1 27. Qxd1 Bxe3+ 28. Kf1 Qh1+ 29. Ke2 Qxd1+ 30. Kxd1 Bg1 31. h3 Bh2 32. Kc2 Bxg3 33. Kb3 Bxe5 34. Kb4 Bc7 35. c4 bxc4 36. Kxc4 Bb6 37. a4 Kf8 38. b4 Ke7 39. a5 Ba7 40. b5 axb5+ 41. Kxb5 f5 42. Kc6 f4 43. Kb7 Bd4 44. a6 f3 45. a7 Bxa7 46. Kxa7 f2 47. Ka6 f1Q+ 48. Ka5 Qb1 49. Ka6 Kd6 50. Ka5 Kc5 51. Ka4 Kc4 52. Ka3 Qb3# 0-1

[Event "SVK-chT4A21 1213"]
[Site "Slovakia"]
[Date "2013.02.17"]
[Round "9.3"]
[White "Lackovic, Marek"]
[Black "Hrubsa, Marian"]
[Result "0-1"]
[WhiteElo "1552"]
[BlackElo "1820"]
[PlyCount "100"]
[EventDate "2012.10.14"]
[EventType "team-tourn"]
[EventRounds "11"]
[EventCountry "SVK"]
[SourceTitle "EXT 2022"]
[Source "ChessBase"]
[SourceDate "2021.10.06"]
[SourceVersion "1"]
[SourceVersionDate "2021.10.06"]
[SourceQuality "1"]
[WhiteTeam "Trnava Lokomotiva Jun"]
[BlackTeam "Skalica II"]
[WhiteTeamCountry "SVK"]
[BlackTeamCountry "SVK"]

1. e4 e6 2. d4 d5 3. exd5 exd5 4. Nf3 Bd6 5. Bd3 Ne7 6. 0-0 0-0 7. Re1 Bf5 8. Bxf5 Nxf5 9. Qd3 Qf6 10. Nc3 c6 11. Bd2 Nd7 12. Nd1 Rfe8 13. Ne3 Nxe3 14. Rxe3 Rxe3 15. Qxe3 Qg6 16. c3 Nf6 17. Ne5 Qc2 18. b4 Re8 19. f3 Nd7 20. Qd3 Qxd3 21. Nxd3 Nb6 22. Re1 Rxe1+ 23. Bxe1 Nc4 24. g3 f6 25. Kf2 Kf7 26. Ke2 Ke7 27. a4 b6 28. Bf2 Kd8 29. Be1 Kc7 30. Kd1 a5 31. Kc2 Ne3+ 32. Kb2 Nc4+ 33. Kc1 g6 34. Bf2 Bf8 35. Kc2 Bh6 36. f4 Nd6 37. Be3 Ne4 38. Nf2 f5 39. Kd3 Bf8 40. Kc2 axb4 41. Nxe4 dxe4 42. c4 c5 43. d5 Kd6 44. h3 Bg7 45. Bd2 Bd4 46. Be1 Be3 47. h4 h6 48. Kb3 Bg1 49. Kc2 e3 50. Kd1 Bf2 0-1